| 000 | 00356nam a22001577a 4500 | ||
|---|---|---|---|
| 003 | SGT | ||
| 020 | _a978-81-7739-491-7 | ||
| 082 |
_a614.1 _bF17A |
||
| 100 | _aAGGRAWAL,ANIL. | ||
| 245 | _aFORENSIC MEDICINE AND TOXICOLOGY FOR MBBS | ||
| 250 | _a1ST | ||
| 260 |
_aDELHI _bAVICHAL PUB _c2017 |
||
| 300 | _a694 | ||
| 650 | _aAYURVEDA | ||
| 942 |
_2ddc _cBK _011 |
||
| 999 |
_c14965 _d14965 |
||